Statistiques concernant LES DATES DE LA PREHISTOIRE

Cliquez ici pour prendre le quiz!

Statistiques générales

  • Ce quiz a été pris 25 fois
  • Le résultat moyen est 4 sur 12

Statistiques - réponses

HintRéponse% Correct
Les premiers hommes en Afrique-7M
67%
Extinction des premiers mammifères (Dinosaures)-64M
47%
L'Homo Abilis crée les premiers outils-2.5M
40%
"La dame de Brassempouy" en Dordogne par l'Homo Sapiens-25m
40%
L'Homme de Neeandertal maitrise le language-100m
33%
Les Hommes de Cro-Magnon peindent les grottes de Lascaux en Dordogne-17m
27%
Invention de la potterie en Chine-19m
20%
Les Sibériens arrivent aux US (En Alaska) en passant le mur de Béring (gelé)-20m
20%
Invention de l'élevage au Pakistan-8.5m
20%
L'Homo Erectus découvre le feu-450m
13%
Les premiers Australiens arrivent de Chine-45m
13%
Invention de l'agriculture en Irak (Ou Syrie)-9.5m
13%

Distribution des résultats

Percentile par nombre de réponses

% des personnes avec chaque résultat

Votre développement - résultats

Vous n’avez pas pris ce quiz